| 000 | 02376cam a2200373 4500 | ||
|---|---|---|---|
| 001 | L153529 | ||
| 002 | 9938 | ||
| 008 | 020722n2011 000 0 eng u | ||
| 020 | _a9780203851104 | ||
| 035 | _a(Sirsi) u153529 | ||
| 041 | _aeng | ||
| 050 | _a692.5 $2 18 | ||
| 100 | _aCartlidge, Duncan | ||
| 245 |
_aNew aspects of quantity surveying practice _ba text for all construction professionals _h[electronic resource] |
||
| 250 | _a3rd ed. | ||
| 260 |
_aLondon _bButterworth-Heinemann _c2011 |
||
| 300 | _aeBook | ||
| 505 | _aThe catalyst of change -- Managing value -- The supply chain -- Integrated project delivery -- Procurement ? doing deals -- Procurement ? doing deals electronically -- New technology ? opportunity or threat? Graham Castle -- Global markets ? making ends meet -- Researching value ? Dr. Richard Laing | ||
| 520 | _aThe construction industry has been undergoing rapid change in the last decade since the publication of the Latham report, and quantity surveying professionals have been at the forefront of those challenges. Changing attitudes to procurement and partnering, and the evolving role of clients, have put the QS profession at the heart of delivering major construction projects. Duncan Cartlidge assesses what has driven these changes, and what they mean for the profession and for the industry as a whole. He explains modern procurement methods, and assesses how much impact technology has had on construction management - and how much it might have in the future. The first edition of this visionary book set out the future for Quantity Surveying - now that prediction has become reality, this second edition of New Aspects of Quantity Surveying Practice is an even more indispensable guide to the opportunities and challenges facing the profession in the 21st Century. | ||
| 520 | _aSupersedes 2nd edition | ||
| 590 | _aIKA200606 | ||
| 650 | _aCONSTRUCTION INDUSTRY | ||
| 650 | _aGLOBAL MARKET | ||
| 650 | _aMANAGEMENT-BUSINESS MANAGEMENT-INFORMATION MANAGEMENT | ||
| 650 | 2 | 4 | _aEBOOK |
| 650 | _aProcurement-old | ||
| 650 | _aPROJECT DELIVERY METHODS | ||
| 650 | _aSUPPLY CHAIN MANAGEMENT | ||
| 650 | _aVALUE | ||
| 651 | 4 | _aENGLAND AND WALES | |
| 690 |
_aQuantity surveying _96263 |
||
| 856 | 4 | 8 |
_uhttps://www.vlebooks.com/ _zView on VLEbooks. Logins for members only from [email protected] |
| 942 | _n0 | ||
| 999 |
_c112572 _d112572 |
||